02060nam a2200349 450000100030000000300040000300500170000700800410002404000080006504100130007308200150008610000300010124000400013124501500017126000340032130000100035552009100036565000290127565000240130465000180132865000170134665000260136365000140138965500160140365500200141970000390143970000380147870000360151694200150155295201320156799900110169936OSt20250528074010.0250121b |||||||g |||| 00| 1 eng d bpor hengapor a813bB118h1 aBach, Richard,d1936-999 aJonathan Livingston Seagull-a story aA história de Fernão Capelo Gaivota /cBach, Richard ; Tradução de Antonio Ramos Rosa e Madalena Rosález ; Fotografia de Russell Munson aRio de JaneirobNordicac1973 a89 p. aUm dia, enquanto pensava sobre a vida, o ex-piloto da Força Aérea americana Richard Bach escutou uma voz misteriosa que começou a lhe contar a história de uma gaivota que queria voar mais alto e mais rápido. Impressionado com a inexplicável inspiração, Bach escreveu tudo o que ouviu. Ao final, tinha em mãos uma das obras mais populares e importantes das últimas décadas: Fernão Capelo Gaivota , uma aventura emocionante sobre liberdade, que influenciou, motivou e mudou para melhor a vida de milhões de pessoas no mundo todo. Essa é uma história para pessoas que seguem seu coração e fazem suas próprias regras, pessoas que sentem um prazer especial em fazer algo bem, mesmo que apenas para si mesmas, pessoas que sabem que existe mais no mundo do que aquilo que se pode ver - elas estão lá, com Fernão, voando mais alto e mais rápido do que jamais sonharam. 0aLiteratura Americana984 0aEspiritualidade916 0aFilosofia 94 0aAnimais 959 0aAuto Conhecimento919 0aFilme926 0aRomance923 0aFicção 922 aAntonio Ramos Rosa eTradutor9104 aMadalena RosálezeTradutor9105 aRussell MunsoneFotografia9106 2ddcn0cBK 00102ddc40708FICaBIBIBbBIBIBcLEd2017-05-24edoaçãol0o813 / B118hp2025-16675r2025-01-20 08:34:18w2025-01-20yBK c36d36